000 00220nam a22000857a 4500
008 160804b xxu||||| |||| 00| 0 eng d
100 _917
_aDoshi D.M
245 _aScience Today-VIII
260 _aNew Delhi
_bCPP Publication
_c2012
999 _c2667
_d2667